| 000 -LEADER |
| fixed length control field |
02794cas a2200685 a 4500 |
| 001 - CONTROL NUMBER |
| control field |
18786017 |
| 003 - CONTROL NUMBER IDENTIFIER |
| control field |
NUST |
| 005 - DATE AND TIME OF LATEST TRANSACTION |
| control field |
20191009112636.0 |
| 008 - FIXED-LENGTH DATA ELEMENTS--GENERAL INFORMATION |
| fixed length control field |
051216c20059999enkgr 0 a0eng c |
| 010 ## - LIBRARY OF CONGRESS CONTROL NUMBER |
| LC control number |
2007227569 |
| Canceled/invalid LC control number |
2012046108 |
| 015 ## - NATIONAL BIBLIOGRAPHY NUMBER |
| National bibliography number |
GBA560366 |
| Source |
bnb |
| 016 7# - NATIONAL BIBLIOGRAPHIC AGENCY CONTROL NUMBER |
| Record control number |
026832348 |
| Source |
DE-101 |
| 016 7# - NATIONAL BIBLIOGRAPHIC AGENCY CONTROL NUMBER |
| Record control number |
2170785-6 |
| Source |
DE-600 |
| 016 7# - NATIONAL BIBLIOGRAPHIC AGENCY CONTROL NUMBER |
| Record control number |
013117069 |
| Source |
Uk |
| 022 0# - INTERNATIONAL STANDARD SERIAL NUMBER |
| International Standard Serial Number |
2573-1769 |
| Source |
1 |
| 035 ## - SYSTEM CONTROL NUMBER |
| System control number |
(OCoLC)ocm62676602 |
| 037 ## - SOURCE OF ACQUISITION |
| Source of stock number/acquisition |
711 Third Ave, 8th floor, New York, NY 10017 |
| Terms of availability |
$173.00 (single issue) |
| 038 ## - RECORD CONTENT LICENSOR |
| Staff Name |
MSOHAIL |
| 040 ## - CATALOGING SOURCE |
| Original cataloging agency |
KKU |
| Language of cataloging |
eng |
| Transcribing agency |
KKU |
| Modifying agency |
EEM |
| -- |
NLGGC |
| -- |
IUL |
| -- |
GBVCP |
| -- |
TULIB |
| -- |
HEBIS |
| -- |
OCLCQ |
| -- |
OCLCO |
| -- |
OCLCF |
| -- |
OCLCO |
| -- |
DLC |
| -- |
OCLCQ |
| -- |
UKMGB |
| 042 ## - AUTHENTICATION CODE |
| Authentication code |
pcc |
| -- |
nsdp |
| 050 00 - LIBRARY OF CONGRESS CALL NUMBER |
| Classification number |
HT165.5 |
| Item number |
.D52 |
| 082 04 - DEWEY DECIMAL CLASSIFICATION NUMBER |
| Classification number |
307.1216 |
| Edition number |
22 |
| 100 ## - MAIN ENTRY--PERSONAL NAME |
| Personal name |
Bruce Stiftel |
| 9 (RLIN) |
23365 |
| 222 #0 - KEY TITLE |
| Key title |
Dialogues in urban and regional planning |
| 245 00 - TITLE STATEMENT |
| Title |
Dialogues in urban and regional planning. |
| 246 3# - VARYING FORM OF TITLE |
| Title proper/short title |
Dialogues in urban & regional planning |
| 260 ## - PUBLICATION, DISTRIBUTION, ETC. |
| Place of publication, distribution, etc. |
London ; |
| -- |
New York : |
| Name of publisher, distributor, etc. |
Routledge, |
| Date of publication, distribution, etc. |
©2002- |
| 300 ## - PHYSICAL DESCRIPTION |
| Extent |
p;343, : |
| Other physical details |
illustrations, maps ; |
| Dimensions |
24 cm |
| 310 ## - CURRENT PUBLICATION FREQUENCY |
| Current publication frequency |
Biennial |
| 336 ## - CONTENT TYPE |
| Content type term |
text |
| Content type code |
txt |
| Source |
rdacontent |
| 337 ## - MEDIA TYPE |
| Media type term |
unmediated |
| Media type code |
n |
| Source |
rdamedia |
| 338 ## - CARRIER TYPE |
| Carrier type term |
volume |
| Carrier type code |
nc |
| Source |
rdacarrier |
| 362 0# - DATES OF PUBLICATION AND/OR SEQUENTIAL DESIGNATION |
| Dates of publication and/or sequential designation |
1- |
| 500 ## - GENERAL NOTE |
| General note |
Simultaneously published in the USA and Canada by Routledge. |
| 588 ## - SOURCE OF DESCRIPTION NOTE |
| Source of description note |
Latest issue consulted: 5, published 2013. |
| 650 #0 - SUBJECT ADDED ENTRY--TOPICAL TERM |
| Topical term or geographic name entry element |
City planning |
| General subdivision |
Research |
| Form subdivision |
Periodicals. |
| 9 (RLIN) |
23366 |
| 650 #0 - SUBJECT ADDED ENTRY--TOPICAL TERM |
| Topical term or geographic name entry element |
City planning |
| Form subdivision |
Case studies |
| -- |
Periodicals. |
| 9 (RLIN) |
23367 |
| 650 #0 - SUBJECT ADDED ENTRY--TOPICAL TERM |
| Topical term or geographic name entry element |
Regional planning |
| General subdivision |
Research |
| Form subdivision |
Periodicals. |
| 9 (RLIN) |
23368 |
| 650 #0 - SUBJECT ADDED ENTRY--TOPICAL TERM |
| Topical term or geographic name entry element |
Regional planning |
| Form subdivision |
Case studies |
| -- |
Periodicals. |
| 9 (RLIN) |
23369 |
| 650 #7 - SUBJECT ADDED ENTRY--TOPICAL TERM |
| Topical term or geographic name entry element |
City planning. |
| Source of heading or term |
fast |
| Authority record control number or standard number |
(OCoLC)fst00862177 |
| 9 (RLIN) |
808 |
| 650 #7 - SUBJECT ADDED ENTRY--TOPICAL TERM |
| Topical term or geographic name entry element |
City planning |
| General subdivision |
Research. |
| Source of heading or term |
fast |
| Authority record control number or standard number |
(OCoLC)fst00862248 |
| 9 (RLIN) |
23370 |
| 650 #7 - SUBJECT ADDED ENTRY--TOPICAL TERM |
| Topical term or geographic name entry element |
Regional planning. |
| Source of heading or term |
fast |
| Authority record control number or standard number |
(OCoLC)fst01093120 |
| 9 (RLIN) |
23371 |
| 650 #7 - SUBJECT ADDED ENTRY--TOPICAL TERM |
| Topical term or geographic name entry element |
Regional planning |
| General subdivision |
Research. |
| Source of heading or term |
fast |
| Authority record control number or standard number |
(OCoLC)fst01093179 |
| 9 (RLIN) |
23372 |
| 650 17 - SUBJECT ADDED ENTRY--TOPICAL TERM |
| Topical term or geographic name entry element |
Stadsplanning. |
| Source of heading or term |
gtt |
| 9 (RLIN) |
23373 |
| 650 17 - SUBJECT ADDED ENTRY--TOPICAL TERM |
| Topical term or geographic name entry element |
Regionale planning. |
| Source of heading or term |
gtt |
| 9 (RLIN) |
23374 |
| 653 #0 - INDEX TERM--UNCONTROLLED |
| Uncontrolled term |
City planning |
| -- |
Case studies |
| 653 #0 - INDEX TERM--UNCONTROLLED |
| Uncontrolled term |
City planning |
| -- |
Research |
| 653 #0 - INDEX TERM--UNCONTROLLED |
| Uncontrolled term |
Regional planning |
| -- |
Case studies |
| 653 #0 - INDEX TERM--UNCONTROLLED |
| Uncontrolled term |
Regional planning |
| -- |
Research |
| 655 #7 - INDEX TERM--GENRE/FORM |
| Genre/form data or focus term |
Case studies. |
| Source of term |
fast |
| Authority record control number |
(OCoLC)fst01423765 |
| 9 (RLIN) |
14661 |
| 655 #7 - INDEX TERM--GENRE/FORM |
| Genre/form data or focus term |
Periodicals. |
| Source of term |
fast |
| Authority record control number |
(OCoLC)fst01411641 |
| 9 (RLIN) |
23375 |
| 776 08 - ADDITIONAL PHYSICAL FORM ENTRY |
| Relationship information |
Online version: |
| Title |
Dialogues in urban and regional planning |
| Record control number |
(OCoLC)607612099 |
| 776 08 - ADDITIONAL PHYSICAL FORM ENTRY |
| Relationship information |
Online version: |
| Title |
Dialogues in urban and regional planning |
| Record control number |
(OCoLC)607728635 |
| 906 ## - LOCAL DATA ELEMENT F, LDF (RLIN) |
| a |
7 |
| b |
cbc |
| c |
sercoop |
| d |
2 |
| e |
ncip |
| f |
20 |
| g |
n-oclcserc |
| 942 ## - ADDED ENTRY ELEMENTS (KOHA) |
| Source of classification or shelving scheme |
|
| Koha item type |
Book |